000 00377nam a2200145Ia 4500
008 090124s9999 xx 000 0 und d
082 _b32987
245 _a नातिचरामि
250 _a1
260 _bपेठे मेघना
_c2005
300 _a315
630 _a नातिचरामि
730 _a नातिचरामि
942 _cBOOK
999 _c180467
_d180467